A history of economic theory and method

Wedi'i Gadw mewn:
Manylion Llyfryddiaeth
Prif Awdur: Ekelund, Robert B.
Fformat: Llyfr
Iaith:Undetermined
Cyhoeddwyd: London McGraw-Hill International Book Company 1984
Pynciau:
Tagiau: Ychwanegu Tag
Dim Tagiau, Byddwch y cyntaf i dagio'r cofnod hwn!
Thư viện lưu trữ: Trung tâm Học liệu Trường Đại học Cần Thơ
LEADER 00498nam a2200181Ia 4500
001 CTU_79317
008 210402s9999 xx 000 0 und d
082 |a 330 
082 |b E36 
100 |a Ekelund, Robert B. 
245 2 |a A history of economic theory and method 
245 0 |c Robert B. Ekelund 
260 |a London 
260 |b McGraw-Hill International Book Company 
260 |c 1984 
650 |a Economics 
650 |x History 
980 |a Trung tâm Học liệu Trường Đại học Cần Thơ